000 00494nam a22001697a 4500
005 20251108164117.0
008 250721s1994 xx 000 0 ara d
082 1 4 _a218/جزو
100 1 _aالجزولي، أبو عبد الله محمد بن سليمان
245 1 0 _aدلائل الخيرات /
264 1 _aالأستانة :
_bالمطبعة البحرية،
_c1994.
300 _a192ص
650 1 7 _aالإسلام
650 1 7 _aالشعائر
942 _2ddc
_cBK
999 _c3858
_d3858